LDR 00568nam a2200181 i 4500 001 000000228587 003 CaOOAMICUS 005 20260324145429.0 008 140404n it u000 u ger u 013 $a207489 040 $aSeMil$bita 245 10$a2. Band. 300 $a1343 p. 773 0 $tHeilige Schrift des Alten und Neuen Testamentes.$dRegensburg : Pustet, 1903.$g2$w()29663 850 $aSeMil 852 $aSeMil$W1$xVenegono$y1$m2Y V 67$j178933$B178933$CSeMilBibl$Z2$F189977 $81 996 $6245$a2. Band$9(OLS)http://semarc/title/98286